000
00293nam a2200133Ia 4500
008
191201s1972 xx 000 0 und d
100
_a
MILLMAN, jacob
245
0
_a
Integrated Electronics
250
_a
-
260
_c
1972
_b
TMH
_a
N.Delhi
300
_a
910
650
_a
ECE
942
_2
ddc
_c
BB
999
_c
7218
_d
7218